000 00963nam a2200265 a 4500
003 CBULib
005 20240813131642.0
008 170419s2017 ||||||||||||||||| || u
020 _a978-92-1-117126-6
040 _aCBULib
_bEnglish
_cCBULib
_dCBULib
_erda
050 _aUNECE(02)2017/1
110 _aUnited Nations Economic Commission for Europe (UNECE)
245 1 0 _aCountry profiles on housing and land management: Repulic of Armenia
_cUnited Nations Economic Commission for Europe (UNECE)
260 _aNew York
_bUnited Nations Economic Commission for Europe (UNECE)
_c2017
300 _axiv, 131pages.: illustrations
336 _2rdacontent
_aText |
_btxt
337 _2rdamedia
_aUnmediated |
_bn
338 _2rdacarrier
_aVolume
_bnc
500 _aBibliography
650 0 _aLAND MANAGEMENT
_93285
650 0 _aHOUSING
_93286
650 0 _aHOUSING--ARMENIA
_93288
942 _2mc
_c029
999 _c39061
_d39061